| 000 | 00468nam a2200181Ia 4500 | ||
|---|---|---|---|
| 005 | 20260429111849.0 | ||
| 008 | 260429s9999||||xx |||||||||||||| ||und|| | ||
| 020 | _a9789390658152 | ||
| 041 | _aEnglish | ||
| 082 |
_a540 _bGOY |
||
| 100 | _aGoyal, R.N. | ||
| 245 | 0 |
_aTextbook of engineering chemistry / _cR.N. Goyal |
|
| 250 | _a3rd ed. | ||
| 260 |
_aNew Delhi : _bAne Books, _c2023. |
||
| 300 | _ax, 466 p.; hb | ||
| 650 | _aEngineering chemistry | ||
| 942 | _cTB | ||
| 999 |
_c51192 _d51192 |
||